<?xml version="1.0" encoding="UTF-8"?>
<record
    xmlns:xsi="http://www.w3.org/2001/XMLSchema-instance"
    xsi:schemaLocation="http://www.loc.gov/MARC21/slim http://www.loc.gov/standards/marcxml/schema/MARC21slim.xsd"
    xmlns="http://www.loc.gov/MARC21/slim">

  <leader>02045nam a22003257i 4500</leader>
  <datafield tag="999" ind1=" " ind2=" ">
    <subfield code="c">176600</subfield>
    <subfield code="d">176600</subfield>
  </datafield>
  <controlfield tag="003">OSt</controlfield>
  <controlfield tag="005">20200303153704.0</controlfield>
  <controlfield tag="008">200303t20192019pauao  e      001 0 eng d</controlfield>
  <datafield tag="020" ind1=" " ind2=" ">
    <subfield code="a">9781422241400</subfield>
    <subfield code="c">RM155.70</subfield>
    <subfield code="q">hardback</subfield>
  </datafield>
  <datafield tag="040" ind1=" " ind2=" ">
    <subfield code="a">PPAK</subfield>
    <subfield code="b">eng</subfield>
    <subfield code="c">PPAK</subfield>
    <subfield code="e">rda</subfield>
  </datafield>
  <datafield tag="082" ind1="0" ind2="4">
    <subfield code="2">23</subfield>
    <subfield code="a">613.7023</subfield>
  </datafield>
  <datafield tag="090" ind1=" " ind2=" ">
    <subfield code="a">613.7023</subfield>
    <subfield code="b">LEW</subfield>
    <subfield code="d">R</subfield>
  </datafield>
  <datafield tag="100" ind1="1" ind2=" ">
    <subfield code="a">Lewis, Daniel, </subfield>
    <subfield code="d">1977-</subfield>
    <subfield code="e">author.</subfield>
  </datafield>
  <datafield tag="245" ind1="1" ind2="0">
    <subfield code="a">Fitness, Personal Care Services &amp; Education /</subfield>
    <subfield code="c">Daniel Lewis</subfield>
  </datafield>
  <datafield tag="264" ind1=" " ind2="1">
    <subfield code="a">Broomall, PA : </subfield>
    <subfield code="b">Mason Crest, </subfield>
    <subfield code="c">[2019]</subfield>
  </datafield>
  <datafield tag="264" ind1=" " ind2="4">
    <subfield code="c">&#xA9;2019</subfield>
  </datafield>
  <datafield tag="300" ind1=" " ind2=" ">
    <subfield code="a">110 pages :</subfield>
    <subfield code="b">colour photographs ;</subfield>
    <subfield code="c">24 cm</subfield>
  </datafield>
  <datafield tag="336" ind1=" " ind2=" ">
    <subfield code="2">rdacontent</subfield>
    <subfield code="a">text</subfield>
  </datafield>
  <datafield tag="337" ind1=" " ind2=" ">
    <subfield code="2">rdamedia</subfield>
    <subfield code="a">unmediated</subfield>
  </datafield>
  <datafield tag="338" ind1=" " ind2=" ">
    <subfield code="2">rdacarrier</subfield>
    <subfield code="a">volume</subfield>
  </datafield>
  <datafield tag="490" ind1="1" ind2=" ">
    <subfield code="a">CAREERS IN DEMAND FOR HIGH SCHOOL GRADUATES</subfield>
  </datafield>
  <datafield tag="500" ind1=" " ind2=" ">
    <subfield code="a">Includes index.</subfield>
  </datafield>
  <datafield tag="505" ind1=" " ind2=" ">
    <subfield code="t">Hairstylist/barber--


</subfield>
    <subfield code="t">Cosmetologist/skin-care specialist/makeup artist/manicurist--</subfield>
    <subfield code="t">Fitness trainer/instructor--</subfield>
    <subfield code="t">Nanny/babysitter/day care assistant--
</subfield>
    <subfield code="t">Preschool aide/school aide--</subfield>
    <subfield code="t">Housekeeper/janitor/maid/cleaner--
</subfield>
    <subfield code="t">Funeral attendant--</subfield>
    <subfield code="t">Seamstress/tailor/upholsterer.</subfield>
  </datafield>
  <datafield tag="520" ind1=" " ind2=" ">
    <subfield code="a">"Careers in fitness, personal care services, and education can be great for people who like to work with other people or who like to work with their hands. Most of these fields are not hard to enter, though they may take years to master. Many of these jobs are deeply satisfying to their practitioners as you can often see the results of your work immediately. Opportunities in personal care and services, fitness, and education include some of the most plentiful and popular jobs in the country. If you think you'd like to help people, work with your hands, and be creative in your work, you should consider one of the careers profiled in this book.</subfield>
  </datafield>
  <datafield tag="650" ind1="1" ind2="0">
    <subfield code="a">Physical education and training</subfield>
    <subfield code="v">Vocational</subfield>
    <subfield code="x">Juvenile literature.</subfield>
  </datafield>
  <datafield tag="650" ind1="2" ind2="0">
    <subfield code="a">Beauty culture </subfield>
    <subfield code="v">Vocational guidance</subfield>
    <subfield code="x">Juvenile literature</subfield>
  </datafield>
  <datafield tag="650" ind1="2" ind2="0">
    <subfield code="a">Teachers' assistants </subfield>
    <subfield code="v">Vocational guidance </subfield>
    <subfield code="x">Juvenile literature</subfield>
  </datafield>
  <datafield tag="830" ind1=" " ind2="0">
    <subfield code="a">Careers in demand for high school graduates</subfield>
  </datafield>
  <datafield tag="942" ind1=" " ind2=" ">
    <subfield code="2">ddc</subfield>
    <subfield code="c">B</subfield>
  </datafield>
  <datafield tag="952" ind1=" " ind2=" ">
    <subfield code="0">0</subfield>
    <subfield code="7">1</subfield>
    <subfield code="b">PPAK</subfield>
    <subfield code="c">R</subfield>
    <subfield code="d">2020-03-15</subfield>
    <subfield code="o">R 613.7023 LEW</subfield>
    <subfield code="p">A01635154</subfield>
    <subfield code="r">2020-03-15 00:00:00</subfield>
    <subfield code="y">B</subfield>
  </datafield>
</record>
